Catalog

Record Details

Catalog Search



Available copies

  • 2 of 2 copies available at LARL/NWRL Consortium.

Current holds

0 current holds with 2 total copies.

Show Only Available Copies
Location Call Number / Copy Notes Barcode Shelving Location Status Due Date
Barnesville Public Library J CER (Text) 33500013884929 Main Available -
Moorhead Public Library J CER (Text) 33500013884911 Main Available -

Record details

  • ISBN: 9781368067027
  • ISBN: 1368067026
  • ISBN: 9781368067331
  • ISBN: 1368067336
  • Physical Description: 328 pages ; 22 cm.
  • Edition: First edition.
  • Publisher: Los Angeles : Disney Hyperion, 2023.

Content descriptions

General Note:
"Rick Riordan Presents."
Summary, etc.:
"Shadow bruja Ren Santiago was relentlessly ... Read More
Target Audience Note:
Ages 8-12. Disney Hyperion.
Grades 4-6. Disney Hyperion.
Subject: Witches > Juvenile fiction.
Magic > Juvenile fiction.
Voyages to the otherworld > Juvenile fiction.
Friendship > Juvenile fiction.
Maya mythology > Juvenile fiction.
Maya gods > Juvenile fiction.
Genre: Fantasy fiction.
Paranormal fiction.
Mythological fiction.
Novels.
LDR 02873cam a22005538i 4500
001421150
003LARL_NWRL_CONSORTIUM
00520231019164004.0
008230320t20232023cau c 000 1 eng
010 . ‡a 2022055038
040 . ‡aDLC ‡beng ‡erda ‡cDLC ‡dOCLCF ‡dORX ‡dOCLCO ‡dRNL ‡dAUY ‡dIL2
019 . ‡a1401569766
020 . ‡a9781368067027 ‡q(hardcover)
020 . ‡a1368067026 ‡q(hardcover)
020 . ‡a9781368067331 ‡q(trade paperback)
020 . ‡a1368067336 ‡q(trade paperback)
020 . ‡z9781368067133 ‡q(ebook)
035 . ‡a(OCoLC)1373622318 ‡z(OCoLC)1401569766
042 . ‡apcc
08200. ‡a[Fic] ‡223
1001 . ‡aCervantes, J. C. ‡q(Jennifer C.), ‡eauthor.
24510. ‡aDawn of the jaguar / ‡cby J.C. Cervantes.
250 . ‡aFirst edition.
264 1. ‡aLos Angeles : ‡bDisney Hyperion, ‡c2023.
264 4. ‡c©2023
300 . ‡a328 pages ; ‡c22 cm.
336 . ‡atext ‡btxt ‡2rdacontent
337 . ‡aunmediated ‡bn ‡2rdamedia
338 . ‡avolume ‡bnc ‡2rdacarrier
4900 . ‡aShadow Bruja ; ‡v2
500 . ‡a"Rick Riordan Presents."
5211 . ‡aAges 8-12. ‡bDisney Hyperion.
5212 . ‡aGrades 4-6. ‡bDisney Hyperion.
520 . ‡a"Shadow bruja Ren Santiago was relentlessly pursued by the evil Aztec Lords of Night, who claimed that she was destined to be their queen, a destiny she wasn’t willing to accept. So she chose death instead. Too bad death wasn’t the answer to her problems. Ren soon realizes she must return to the land of the living to make things right. Unfortunately, that means negotiating with Ixtab, queen of the underworld. Ixtab offers her ten days aboveground in exchange for the discarded crown of jade and shadow. If Ren fails, she will return to the darkness for eternity. Ren agrees, knowing full well that she also has to save her friends Marco, Monty, and Edison and, while she’s at it, put those pesky Lords of Night back to sleep forever. The only problem is, Ren lost her shadow magic and time rope when she lost her life. How will Ren manage to accomplish what feels impossible? The answer lies not in manipulating shadows or time, but in recognizing the awesome power that has always been inside her" -- ‡cPublisher's description.
650 0. ‡aWitches ‡vJuvenile fiction. ‡0(LARL_NWRL_CONSORTIUM)168005
650 0. ‡aMagic ‡vJuvenile fiction. ‡0(LARL_NWRL_CONSORTIUM)165990
650 0. ‡aVoyages to the otherworld ‡vJuvenile fiction.
650 0. ‡aFriendship ‡vJuvenile fiction. ‡0(LARL_NWRL_CONSORTIUM)164914
650 0. ‡aMaya mythology ‡vJuvenile fiction.
650 0. ‡aMaya gods ‡vJuvenile fiction.
655 7. ‡aFantasy fiction. ‡2lcgft
655 7. ‡aParanormal fiction. ‡2lcgft
655 7. ‡aMythological fiction. ‡2lcgft
655 7. ‡aNovels. ‡2lcgft
901 . ‡a421150 ‡bOCoLC ‡c421150 ‡tbiblio ‡soclc

Additional Resources